000 00383nam a2200133Ia 4500
008 151001s9999||||xx |||||||||||||| ||und||
100 _aरा चि ढेरे
245 _aप्राचीन मराठी वाड्मय
250 _a1
260 _bअंजली प्रकाशन पुणे
260 _c1991
300 _a171
365 _b21
999 _c977531
_d977528